Confederación Española de Familias de Personas Sordas

Biblioteca

Vista normal Vista MARC
  • Personas con discapacidad

Entrada Materia

Número de registros utilizados en: 1

001 - NÚMERO DE CONTROL

  • campo de control: 93

003 - IDENTIFICADOR DEL NÚMERO DE CONTROL

  • campo de control: ES-MaFIAP

005 - FECHA Y HORA DE LA ÚLTIMA TRANSACCIÓN

  • campo de control: 20220913105425.0

008 - DATOS DE LONGITUD FIJA

  • campo de control de longitud fija: 220913|| aca||aabn | a|a d

040 ## - FUENTE DE LA CATALOGACIÓN

  • Centro catalogador/agencia de origen: ES-MaFIAP
  • Centro/agencia transcriptor: ES-MaFIAP

150 ## - ENCABEZAMIENTO--TÉRMINO DE MATERIA

  • Término de materia o nombre geográfico como elemento de entrada: Personas con discapacidad
  • Subdivisión general: Integración social
  • Subdivisión general: Planificación

670 ## - FUENTE DE DATOS ENCONTRADOS

  • Cita de la fuente: Work cat.: (ES-MaFIAP)25: Huete García, Agustín XX1617307 92, Modelo de Plan de Acción Local para la Inclusión de las Personas con Discapacidad, 2012-2015 /, 2011

Esta web es posible gracias a:

Ministerio de Asuntos Sociales y Agenda 2030 Ministerio de Asuntos Sociales y Agenda 2030 Fundación ONCE

© FIAPAS 2015 | Servicio Telesor Aviso Legal y Política de Privacidad | Política de cookies | Acerca de FIAPAS
Confederación Española de Familias de Personas Sordas - C/ Pantoja, 5 (Local) – 28002 Madrid – / Tel: 91 576 51 49 – Fax: 91 576 57 46

Con tecnología Koha